| 000 | 00359nam a2200133Ia 4500 | ||
|---|---|---|---|
| 008 | 191014s9999 xx 000 0 und d | ||
| 020 | _a978-81-203-3635-3 | ||
| 082 |
_a530.12 _bARU |
||
| 100 |
_aG. Aruldhas _923856 |
||
| 245 | 0 | _aQuantum Mechanics (2nd Edition) | |
| 260 |
_aNew Delhi _bPHI Learing Private Limited _c2009 |
||
| 300 | _aXvi,504 | ||
| 942 | _cBK | ||
| 999 |
_c531381 _d531381 |
||